The Abc's Of Real Estate Investing (Record no. 575535)

MARC details
000 -LEADER
fixed length control field 00373nam a22001457a 4500
008 - FIXED-LENGTH DATA ELEMENTS--GENERAL INFORMATION
fixed length control field 250713b |||||||| |||| 00| 0 eng d
020 ## - INTERNATIONAL STANDARD BOOK NUMBER
ISBN 9780446691840
Paper back/Hardbound pbk
041 ## - LANGUAGE CODE
Language code of text/sound track or separate title eng
082 ## - DEWEY DECIMAL CLASSIFICATION NUMBER
Classification number 332.6324 MCE
100 ## - MAIN ENTRY--AUTHOR NAME
Personal name Mcelroy Ken
245 ## - TITLE STATEMENT
Title The Abc's Of Real Estate Investing
Statement of responsibility, etc / Ken Mcelroy
300 ## - PHYSICAL DESCRIPTION
Number of Pages 256pages, 24cm.
942 ## - ADDED ENTRY ELEMENTS (KOHA)
Koha item type English Books
Holdings
Withdrawn status Lost status Damaged status Not for loan Home library Current library Shelving location Date acquired Full call number Accession Number Price effective from Koha item type
        Anna Centenary Library Anna Centenary Library 4TH FLOOR, A WING 20.11.2010 332.6324 MCE 361332 13.07.2025 English Books

Find us on the map